000
00284nam a2200097Ia 4500
001
1201798
005
20250827022638.0
008
250824s9999 xx 000 0 und d
245
0
_a
DİNİ TERİMLER SÖZLÜĞÜ
_c
AHMET NEDİM SERİNSU
260
_b
MİLLİ EĞİTİM BAKANLIĞI YAYINLARI
999
_c
1201798
_d
1201798